Presidents of the Phillipines - Statistics

General Stats
  • This quiz has been taken 13 times
  • The average score is 9 of 17
Answer Stats
Years Served Answer % Correct
2022 - Present Bongbong Marcos
90%
1965 - 1986 Ferdinand Marcos
90%
2016 - 2022 Rodrigo Duterte
80%
2010 - 2016 Benigno Aquino III
70%
1986 - 1992 Corazon Aquino
70%
2001 - 2010 Gloria Macapagal Arroyo
70%
1899 - 1901 Emilio Aguinaldo
60%
1935 - 1944 Manuel L. Quezon
60%
1961 - 1965 Diosdado Macapagal
50%
1992 - 1998 Fidel V. Ramos
50%
1953 - 1957 Ramon Magsaysay
50%
1998 - 2001 Joseph Estrada
40%
1946 - 1948 Manuel Roxas
40%
1943 - 1945 Jose P. Laurel
30%
1948 - 1953 Elpidio Quirino
20%
1944 - 1946 Sergio Osmeña
20%
1957 - 1961 Carlos P. Garcia
10%
No matching quizzes found
Score Distribution
Percent of People with Each Score
Percentile by Number Answered
Your Score History
You have not taken this quiz